Financial risk management for dummies
Gespeichert in:
| 1. Verfasser: | |
|---|---|
| Format: | Buch |
| Sprache: | Englisch |
| Veröffentlicht: |
Chichester
John Wiley & Sons
2016
|
| Schlagworte: | |
| Tags: |
Keine Tags, Fügen Sie das erste Tag hinzu!
|
MARC
| LEADER | 00000nam a2200000 4500 | ||
|---|---|---|---|
| 001 | 0235108 | ||
| 005 | 20221207093506.7 | ||
| 020 | |a 978-1-119-08220-0 | ||
| 041 | 0 | |a eng | |
| 044 | |a GB | ||
| 245 | 1 | 0 | |a Financial risk management for dummies |c Aaron Brown |
| 264 | 1 | |a Chichester |b John Wiley & Sons |c 2016 | |
| 300 | |a 368 s. | ||
| 610 | 2 | 0 | |a riadenie finančné |
| 610 | 2 | 0 | |a riadenie rizík |
| 610 | 2 | 0 | |a riziko finančné |
| 610 | 2 | 0 | |a organizácie finančné |
| 610 | 2 | 0 | |a banky |
| 100 | 1 | |a Brown, Aaron | |